000 00708cam a22002291 4500
001 af 47006700
003 DLC
005 20260227110838.0
008 850702s1946 fr 000 0 fre c
010 _aaf 47006700
035 _a(OCoLC)12223088
040 _aHarvard Univ. Library
_cNhD
_dOCoLC
_dDLC
041 1 _afre
_heng
050 0 0 _aPS3537.M835
_bP33
100 1 _aSmith, Thorne,
_d1892-1934.
240 1 0 _aPassionate witch.
_lFrench.
245 1 0 _aMa femme est une sorcière.
_c[Complété par Norman Matson] Adapté de l'ameréricain par Yves Maurion.
260 _aParis,
_bDeux Sirènes
_c[1946]
300 _a247 p.
_c19 cm.
700 1 _aMatson, Norman,
_d1893-
700 1 _aMaurion, Yves,
_etr.
999 _c3648
_d3648